Famous People Named Bob - Statistics

General Stats
  • This quiz has been taken 320 times
    110 since last reset
  • The average score is 11 of 20
Answer Stats
Life Hint Person % Correct
1945–1981 "No Woman, No Cry", "I Shot the Sheriff", Rastafarianism Bob Marley
85%
1903–2003 Oscars host, "Thanks for the Memory", USO tours Bob Hope
80%
1925–1968 Probable Democrat presidential nominee; assassinated Bobby Kennedy
78%
1941– Folk musician who won the 2016 Nobel for Literature Bob Dylan
75%
2004– Eleven in Stranger Things Millie Bobby Brown
75%
1969– New Edition, new jack swing, Whitney Houston Bobby Brown
68%
1955– Sling Blade actor who was married to Angelina Jolie Billy Bob Thornton
65%
1942–1995 The Joy of Painting, "happy little trees" Bob Ross
65%
1943–2008 American chess grandmaster (11th World Champion) Bobby Fischer
64%
1956–2022 Full House and America's Funniest Home Videos Bob Saget
61%
1945– "Like a Rock", "Old Time Rock and Roll", "Night Moves" Bob Seger
57%
1923–2023 The Price is Right Bob Barker
52%
1936–1973 "Splish Splash", "Dream Lover", "Mack the Knife" Bobby Darin
46%
1951– Organized Band Aid and Live Aid; was Pink in The Wall Bob Geldof
46%
1962– Mr. Show, Breaking Bad, Better Call Saul Bob Odenkirk
45%
1929–2024 Starred in sitcoms named after him; was Papa Elf in Elf Bob Newhart
43%
1948– One of the greatest hockey players Bobby Orr
41%
1940–2023 "The General" who coached the Hoosiers (1971–2000) Bob Knight
33%
1952– Sportscaster with long tenure at NBC (1980–2019) Bob Costas
30%
1951– CEO of Disney and former president of ABC Bob Iger
30%
No matching quizzes found
Score Distribution
Percent of People with Each Score
Percentile by Number Answered
Your Score History
You have not taken this quiz since the last reset